| 000 | 01651nam a2200277 a 4500 | ||
|---|---|---|---|
| 003 | BLK | ||
| 005 | 20250802152554.0 | ||
| 008 | 191206b bu ||||| |||| 00| 0 bu d | ||
| 020 | _a9789542622468 | ||
| 040 | _aBLK | ||
| 041 |
_aBUL _cBUL |
||
| 080 |
_aИталианска литература _b821.131.1 _x-93-31 _z821.131.1-93-31 |
||
| 100 |
_aКолоди, Карло _eпърви автор _qЛоренцини, Карло _91299 |
||
| 139 |
_aКолоди, Карло _bК 79 |
||
| 245 |
_aПинокио _cКарло Колоди ; прев. Румяна Стефанова Сарайдарова-Първанова ; ил. Кантен Гребан |
||
| 250 | _a[2. изд.] | ||
| 260 |
_9209439 _aПловдив _bХермес _c2023 _f(София : Алианс принт) _n978-954-26- ; 978-954-459- |
||
| 300 |
_a117 с. : с цв. ил. _c29 см |
||
| 380 | _aDX | ||
| 500 | _aОриг. загл.: Pinocchio / Carlo Collodi Карло Колоди - псевд. на авт. Карло Лоренцини Възприетата форма на името на прев. Румяна Стефанова Сарайдарова-Първанова е Румяна Стефанова Сарайдарова 1. изд. 2005 със загл. Приключенията на Пинокио, в сер. Златно перо | ||
| 700 |
_9258917 _aСарайдарова, Румяна Стефанова _eпрев. от итал. |
||
| 700 |
_9452728 _aГребан, Кантен _eхудож. |
||
| 852 |
_aЦб ІІ 32461 _bЦб |
||
| 942 |
_2udc _cKNG _n0 _s1 _0246 |
||
| 944 |
_cНора Радева _k30543 _lИва Цветкова |
||
| 999 |
_c496300 _d496300 |
||